000 00780cam a2200205 i 4500
005 20251108174537.0
008 250721s2008 jo gr 000 0 ara d
082 1 4 _a153
_bب ه ا
100 1 _aالبهادلي، عبد القادر نجم
_eمؤلف.
245 1 2 _aالغموض والتفوق :
_bدراسة نفسية تحليلية /
_cعبد القادر نجم البهادلي.
250 _aالطبعة الاولى.
264 3 1 _aعمان :
_bدار الكندي للنشر والتوزيع،
_c2008.
300 _a181 صفحة.
650 1 7 _aعلم النفس.
650 1 7 _aالعمليات العقليه.
650 1 7 _aالتحليل النفسي.
650 1 7 _aعمليات التعلم.
942 _2ddc
_cBK
999 _c111877
_d111877